000 00573cam a22002053a 4500
001 34407
003 PGUSA
005 20140828083737.0
008 101122s2010||||xxu|||||s|||||000 | eng d
040 _aPGUSA
_beng
042 _adc
100 1 _aSudermann, Hermann,
_d1857-1928
245 1 4 _aThe Silent Mill
_h[electronic resource] /
_cHermann Sudermann
260 _bProject Gutenberg,
_c2010
506 _aPublic domain in the USA.
516 _aElectronic text
830 0 _aProject Gutenberg
_v34407
856 4 0 _uhttp://www.gutenberg.org/ebooks/34407
942 _cEB
999 _c263662
_d263662